An introduction to Riemannian geometry and the tensor calculus /
Guardado en:
| Autor Principal: | |
|---|---|
| Formato: | Libro |
| Idioma: | English |
| Publicado: |
Cambridge :
The University press,
1938.
|
| Materias: | |
| Etiquetas: |
Agregar Etiqueta
Sin Etiquetas, Sea el primero en etiquetar este registro!
|
| LEADER | 00723cam a22002055a 4500 | ||
|---|---|---|---|
| 001 | MAT.inmabb002783 | ||
| 008 | 870508s1938####enk######b####001#0#eng## | ||
| 005 | 20110908150847.0 | ||
| 245 | 1 | 3 | |a An introduction to Riemannian geometry and the tensor calculus / |c by C. E. Weatherburn. |
| 260 | |a Cambridge : |b The University press, |c 1938. | ||
| 300 | |a x, 191 p. ; |c 22 cm. | ||
| 504 | |a Bibliografía: p. [180]-187. | ||
| 100 | 1 | |a Weatherburn, C. E. |q (Charles Ernest), |d 1884-1974. | |
| 246 | 3 | 0 | |a Riemannian geometry and the tensor calculus |
| 650 | 0 | |a Generalized spaces. | |
| 650 | 0 | |a Calculus of tensors. | |
| 084 | |a 53-01 |2 msc2000 | ||
| 010 | |a 38022466 | ||
| 040 | |a DLC/ICU |c ICU |d DLC | ||
| 859 | |h 53 |i W362 |p A-5235 |b BIB. MATEMATICA | ||
